[Event "19eme open Louviers"]
[Site "?"]
[Date "2016.11.12"]
[Round "3"]
[White "Quevauvilliers, Philippe"]
[Black "Maraine, Louis Ermiyas"]
[Result "0-1"]
[WhiteElo "1401"]
[BlackElo "1179"]
[PlyCount "110"]
[EventDate "2012.05.13"]
[SourceDate "2016.11.15"]

1. e4 c5 2. Bc4 d6 3. Nc3 Nf6 4. h3 g6 5. d3 Bg7 6. Nf3 O-O 7. O-O Nc6 8. Rb1
a6 9. a3 b5 10. Bd5 Bd7 11. Qe2 Rb8 12. Bf4 Qc7 13. Qe3 Rfc8 14. Bh6 Bh8 15.
Ng5 e6 16. Bxc6 Qxc6 17. f4 Ng4 18. hxg4 Bd4 19. Qxd4 cxd4 20. Ne2 Qxc2 21.
Nxd4 Qa4 22. Ne2 f5 23. gxf5 exf5 24. e5 Re8 25. Nc3 Qd4+ 26. Kh1 dxe5 27. Nf3
Qc5 28. Rbd1 e4 29. dxe4 Bc6 30. e5 Bxf3 31. Rxf3 b4 32. axb4 Qxb4 33. Nd5 Qa4
34. Nf6+ Kf7 35. Rd7+ Re7 36. Rxe7+ Kxe7 37. Nd5+ Kf7 38. Re3 Qd1+ 39. Kh2 Qxd5
40. e6+ Ke8 41. Bg5 Rxb2 42. Rg3 Qxe6 43. Rd3 Rb8 44. Bh4 Ra8 45. Bf2 Kf7 46.
Rc3 Kg8 47. Rc7 Qe4 48. g3 a5 49. Rd7 a4 50. Bd4 a3 51. Rg7+ Kf8 52. Rd7 a2 53.
Ba1 Qb1 54. Bg7+ Ke8 55. Rd5 a1=Q 0-1

[Event "19eme open Louviers"]
[Site "?"]
[Date "2016.11.12"]
[Round "3"]
[White "Troppee, Kevin"]
[Black "Voegele, Francois-Marie"]
[Result "1-0"]
[WhiteElo "1379"]
[BlackElo "1130"]
[PlyCount "39"]
[EventDate "2012.05.13"]
[SourceDate "2016.11.15"]

1. e4 c5 2. Nf3 d6 3. Be2 Bd7 4. d4 cxd4 5. Nxd4 Nf6 6. Nc3 e6 7. O-O Be7 8.
Be3 O-O 9. f4 Nc6 10. Bb5 a6 11. Nxc6 bxc6 12. Bd3 Qc7 13. Qe1 a5 14. Qh4 Kh8
15. e5 dxe5 16. fxe5 Qxe5 17. Rxf6 g6 18. Bd4 Qd6 19. Rxf7+ Kg8 20. Qxh7# 1-0

[Event "19eme open Louviers"]
[Site "?"]
[Date "2016.11.12"]
[Round "3"]
[White "Marliere-Lepretre, Corentin"]
[Black "Mignot, Philippe"]
[Result "0-1"]
[WhiteElo "1095"]
[BlackElo "1340"]
[PlyCount "68"]
[EventDate "2012.05.13"]
[SourceDate "2016.11.15"]

1. d4 Nf6 2. c4 e5 3. e3 exd4 4. exd4 Bb4+ 5. Bd2 Qe7+ 6. Qe2 Nc6 7. Bxb4 Qxe2+
8. Bxe2 Nxb4 9. Bd1 O-O 10. Ne2 Nd3+ 11. Kd2 Nxf2 12. Rf1 N6e4+ 13. Ke3 Re8 14.
Rxf2 Nc3+ 15. Kd3 Nxd1 16. Rf3 Nxb2+ 17. Kd2 Nxc4+ 18. Kd3 d5 19. Nbc3 c6 20.
Raf1 Nd6 21. h4 h5 22. Nf4 Bg4 23. Re3 Rxe3+ 24. Kxe3 Nf5+ 25. Kd3 Re8 26. Rb1
Re3+ 27. Kd2 Re7 28. Re1 Rxe1 29. Kxe1 Nxd4 30. Kd2 Nf5 31. Ncxd5 cxd5 32. Nxd5
Kf8 33. Kc3 Ke8 34. Kc4 Kd7 0-1

[Event "19eme open Louviers"]
[Site "?"]
[Date "2016.11.12"]
[Round "4"]
[White "Joslin, Jerome"]
[Black "Abdat, Rachid"]
[Result "1/2-1/2"]
[WhiteElo "2100"]
[BlackElo "1882"]
[PlyCount "57"]
[EventDate "2012.05.13"]
[SourceDate "2016.11.15"]

1. d4 Nf6 2. c4 d6 3. Nc3 Nbd7 4. e4 e5 5. d5 Be7 6. Be3 a6 7. h3 Nf8 8. Nf3
Ng6 9. Qd2 Bd7 10. g4 h6 11. Bd3 Rb8 12. a4 Nh7 13. Ne2 Ng5 14. Neg1 Nxf3+ 15.
Nxf3 Nh4 16. Nxh4 Bxh4 17. c5 Bg5 18. b4 Bxe3 19. Qxe3 Qe7 20. a5 c6 21. cxd6
Qxd6 22. Qc5 Ke7 23. Ke2 cxd5 24. Qxd6+ Kxd6 25. exd5 Rhc8 26. Rac1 Rxc1 27.
Rxc1 Rc8 28. Rxc8 Bxc8 29. Bc4 1/2-1/2

[Event "19eme open Louviers"]
[Site "?"]
[Date "2016.11.12"]
[Round "4"]
[White "Boursier, Xavier"]
[Black "Steffenello, Leonard"]
[Result "1/2-1/2"]
[WhiteElo "1941"]
[BlackElo "2152"]
[PlyCount "101"]
[EventDate "2012.05.13"]
[SourceDate "2016.11.15"]

1. Nf3 Nf6 2. g3 d5 3. Bg2 c5 4. O-O Nc6 5. d3 e5 6. Nbd2 Be7 7. e4 dxe4 8.
dxe4 Bg4 9. c3 b5 10. Qc2 O-O 11. h3 Bh5 12. g4 Bg6 13. Nh4 c4 14. Nxg6 fxg6
15. f3 Nd7 16. b3 Bc5+ 17. Kh1 b4 18. Nxc4 bxc3 19. Ba3 Bd4 20. Rad1 Qh4 21.
Bc1 Nb4 22. Qe2 Rac8 23. a3 Nc6 24. Nd6 Qe7 25. Nxc8 Rxc8 26. Qc4+ Kh8 27. b4
Nb6 28. Qb3 Nd8 29. Rd3 Ne6 30. Rfd1 Nc4 31. Rxc3 Bxc3 32. Qxc3 Nd4 33. Rxd4
Nb6 34. Qd2 exd4 35. Bb2 Rd8 36. Qd3 h6 37. Bf1 Qe5 38. Kg2 Qf4 39. Kf2 Qh2+
40. Bg2 Qc7 41. Bxd4 Qd6 42. Ke3 g5 43. Qc3 Qf4+ 44. Ke2 Rd7 45. Bxb6 Qd6 46.
Be3 Qd1+ 47. Kf2 Rd3 48. Qc8+ Kh7 49. Qf5+ Kh8 50. Qf8+ Kh7 51. Qf5+ 1/2-1/2

[Event "19eme open Louviers"]
[Site "?"]
[Date "2016.11.12"]
[Round "4"]
[White "Roussel, Maxime"]
[Black "Garcia, Adrien"]
[Result "0-1"]
[WhiteElo "1557"]
[BlackElo "1976"]
[PlyCount "52"]
[EventDate "2012.05.13"]
[SourceDate "2016.11.15"]

1. e4 c5 2. Be2 b6 3. Nc3 Bb7 4. d3 e6 5. f4 d5 6. e5 Nc6 7. Nf3 Nge7 8. g4 h5
9. Nb5 Ng6 10. gxh5 Rxh5 11. Ng5 Rh6 12. Bh5 a6 13. Nc3 Nd4 14. Be3 Nxc2+ 15.
Qxc2 Rxh5 16. Qg2 Qd7 17. Bd2 O-O-O 18. O-O-O Nh4 19. Qg4 g6 20. b3 Kb8 21. Kb1
Nf5 22. Ne2 Rh4 23. Qf3 d4 24. Ne4 Be7 25. Be1 Rhh8 26. Rc1 Qb5 0-1

[Event "19eme open Louviers"]
[Site "?"]
[Date "2016.11.12"]
[Round "4"]
[White "Lehericey, Fabrice"]
[Black "Andrieu, Philippe"]
[Result "0-1"]
[WhiteElo "1898"]
[BlackElo "1859"]
[PlyCount "146"]
[EventDate "2012.05.13"]
[SourceDate "2016.11.15"]

1. e4 c5 2. Nf3 a6 3. d4 cxd4 4. c3 dxc3 5. Nxc3 d6 6. Bc4 e6 7. O-O Be7 8. Qe2
Nf6 9. Bf4 O-O 10. Rfd1 Nh5 11. Be3 b5 12. Bb3 Bb7 13. Nd4 g6 14. Bxe6 fxe6 15.
Nxe6 Qc8 16. Nxf8 Qxf8 17. Rac1 Nc6 18. a4 b4 19. Nd5 Rc8 20. Qg4 Nf6 21. Qe6+
Qf7 22. Nxe7+ Nxe7 23. Rxc8+ Nxc8 24. Qh3 Nxe4 25. Rc1 Nc5 26. Bxc5 dxc5 27.
Rxc5 Nd6 28. Qh4 Qe6 29. Qxb4 Qe2 30. h3 Qd1+ 31. Kh2 Qf1 32. Qb3+ Kf8 33. f3
Qe1 34. Qb6 Qe7 35. Qa5 Qf6 36. Re5 Qf4+ 37. Kg1 Qd4+ 38. Kh2 Qf4+ 39. Kg1 Qc1+
40. Re1 Qc8 41. Qe5 Nf7 42. Qe7+ Kg7 43. b4 Qc6 44. a5 Qd5 45. Re6 Qd4+ 46. Kf1
Bd5 47. Re3 Qd1+ 48. Kf2 Bc4 49. Qc5 Qf1+ 50. Kg3 h5 51. h4 Bb5 52. Re7 Qd1 53.
Qe5+ Kf8 54. Qc5 Qd6+ 55. Qxd6 Nxd6 56. Re6 Nf5+ 57. Kf4 Kf7 58. Rb6 Nd4 59.
Ke5 Nc6+ 60. Kd5 Nxb4+ 61. Kc5 Nd3+ 62. Kd4 Nb4 63. Rxb5 axb5 64. Kc5 Na6+ 65.
Kxb5 Nb8 66. Kb6 Ke7 67. Kb7 Nd7 68. g4 g5 69. gxh5 gxh4 70. h6 Kf6 71. Kc6
Ne5+ 72. Kb7 Nd7 73. Kc6 h3 0-1

[Event "19eme open Louviers"]
[Site "?"]
[Date "2016.11.12"]
[Round "4"]
[White "Bailly, Thierry"]
[Black "Josse, Sebastien"]
[Result "1-0"]
[WhiteElo "1658"]
[BlackElo "1824"]
[PlyCount "89"]
[EventDate "2012.05.13"]
[SourceDate "2016.11.15"]

1. Nf3 c5 2. c4 Nc6 3. Nc3 g6 4. g3 Bg7 5. Bg2 Nf6 6. O-O d6 7. d3 O-O 8. Bd2
Rb8 9. a3 Be6 10. Rc1 Qd7 11. Qc2 Bh3 12. Rfd1 Bxg2 13. Kxg2 a6 14. Rb1 Nd4 15.
Nxd4 cxd4 16. Ne4 Qc6 17. f3 Nxe4 18. dxe4 b5 19. b3 Rbc8 20. Rdc1 f5 21. exf5
Rxf5 22. Qd3 Rc5 23. cxb5 Qxb5 24. Rxc5 Rxc5 25. Qxb5 axb5 26. Rc1 Kf7 27. f4
Ke6 28. Kf3 Kd5 29. e3 dxe3 30. Bxe3 Rxc1 31. Bxc1 e5 32. fxe5 Bxe5 33. Ke3 h5
34. Kd3 Bd4 35. Be3 Bf6 36. a4 Kc6 37. axb5+ Kxb5 38. Bd4 Bg5 39. Bc3 d5 40.
Kd4 Bf6+ 41. Kd3 Be7 42. Kd4 Kc6 43. b4 Bf6+ 44. Kd3 Bxc3 45. Kxc3 {
Derniers coups incompréhensibles...} 1-0

[Event "19eme open Louviers"]
[Site "?"]
[Date "2016.11.12"]
[Round "4"]
[White "Delaruelle, Christian"]
[Black "Serano, Vincent"]
[Result "1/2-1/2"]
[WhiteElo "1816"]
[BlackElo "1708"]
[PlyCount "75"]
[EventDate "2012.05.13"]
[SourceDate "2016.11.15"]

1. e4 c5 2. Nf3 Nc6 3. c3 d6 4. d4 cxd4 5. cxd4 Nf6 6. Be2 e6 7. Nc3 Be7 8. O-O
O-O 9. a3 Bd7 10. d5 exd5 11. exd5 Nb8 12. Bg5 Bf5 13. Rc1 Nbd7 14. Nb5 Bg6 15.
Be3 a6 16. Nc3 Ng4 17. Bd4 Bf6 18. Bxf6 Qxf6 19. Bd3 Rae8 20. Bxg6 hxg6 21. Qa4
Nde5 22. Nxe5 Nxe5 23. Ne4 Qf4 24. f3 Qe3+ 25. Kh1 Nd3 26. Rc3 Rxe4 27. Qxe4
Nf2+ 28. Rxf2 Qxf2 29. Qe3 Qxb2 30. Rb3 Qa2 31. Rxb7 Qxd5 32. Rb1 Rc8 33. Kg1
Rc2 34. Re1 Qa2 35. Qg5 Re2 36. Qd8+ Kh7 37. Qh4+ Kg8 38. Qd8+ 1/2-1/2

[Event "19eme open Louviers"]
[Site "?"]
[Date "2016.11.12"]
[Round "4"]
[White "Vigneron, Frederic"]
[Black "Kurjakovic, Omer"]
[Result "1-0"]
[WhiteElo "1811"]
[BlackElo "1573"]
[PlyCount "71"]
[EventDate "2012.05.13"]
[SourceDate "2016.11.15"]

1. d4 d5 2. c4 c6 3. Nf3 Nf6 4. Nc3 e6 5. Bg5 Be7 6. e3 h6 7. Bh4 Bb4 8. Be2
Nbd7 9. Nd2 Be7 10. O-O Nh7 11. Bg3 Bh4 12. Bxh4 Qxh4 13. f4 g6 14. Qc2 f5 15.
cxd5 exd5 16. Nf3 Qf6 17. Ne5 Qd6 18. Na4 Nxe5 19. dxe5 Qe7 20. Rab1 O-O 21. b4
a6 22. Nb6 Rb8 23. a4 Be6 24. Rfc1 Rf7 25. b5 cxb5 26. axb5 g5 27. bxa6 bxa6
28. Nxd5 Qa7 29. Rxb8+ Qxb8 30. Qc6 Nf8 31. Bc4 Kg7 32. Nf6 Bxc4 33. Qxc4 g4
34. Qd3 Kg6 35. Nxg4 h5 36. Qxa6+ 1-0

[Event "19eme open Louviers"]
[Site "?"]
[Date "2016.11.12"]
[Round "4"]
[White "Arinal, Serge"]
[Black "Yuan, Beline"]
[Result "0-1"]
[WhiteElo "1604"]
[BlackElo "1795"]
[PlyCount "60"]
[EventDate "2012.05.13"]
[SourceDate "2016.11.15"]

1. Nf3 Nf6 2. c4 g6 3. g3 Bg7 4. Bg2 O-O 5. O-O d6 6. Nc3 e5 7. d3 Nc6 8. Bg5
h6 9. Bd2 Nh5 10. Qc1 Kh7 11. Nd5 f5 12. e3 g5 13. Kh1 Qd7 14. Qd1 Qf7 15. Ng1
Nf6 16. a3 Nxd5 17. Bxd5 Qf6 18. Bg2 f4 19. exf4 gxf4 20. Nf3 Qg6 21. Qb1 Qh5
22. Nh4 f3 23. d4+ Kg8 24. Bxf3 Rxf3 25. Qg6 Qxg6 26. Nxg6 Bh3 27. Rfe1 Nxd4
28. Re3 Rxf2 29. Rd3 Nf3 30. Rxf3 Rxf3 0-1

[Event "19eme open Louviers"]
[Site "?"]
[Date "2016.11.12"]
[Round "4"]
[White "Mergen, Bat"]
[Black "Aupoix, Thibaud"]
[Result "0-1"]
[WhiteElo "1785"]
[BlackElo "1567"]
[PlyCount "74"]
[EventDate "2012.05.13"]
[SourceDate "2016.11.15"]

1. d4 Nf6 2. g3 g6 3. Bg2 Bg7 4. c4 d6 5. Nc3 O-O 6. h4 c5 7. d5 a6 8. a4 Nbd7
9. Nf3 Nb6 10. Nd2 Ng4 11. a5 Bd4 12. e3 Bxe3 13. axb6 Bxf2+ 14. Ke2 Bxg3 15.
Nde4 Be5 16. Bf3 Qxb6 17. Qg1 Bd4 18. Qg2 Ne5 19. Nd2 Bf5 20. Be4 Bg4+ 21. Kf1
f5 22. Bc2 Bh5 23. Ne2 Ng4 24. Nb3 Bxb2 25. Qg3 Bxa1 26. Nxa1 Qb4 27. Qf4 Ne5
28. Bb3 b5 29. Ng3 Nd3 30. Qd2 Nxc1 31. Qxc1 Bf3 32. Rg1 a5 33. h5 a4 34. hxg6
axb3 35. Qh6 Qxc4+ 36. Kf2 Ra2+ 37. Kxf3 Qg4+ 0-1

[Event "19eme open Louviers"]
[Site "?"]
[Date "2016.11.12"]
[Round "4"]
[White "Guillaumat, Jean-Pierre"]
[Black "Bat, Bilguun"]
[Result "1/2-1/2"]
[WhiteElo "1754"]
[BlackElo "1516"]
[PlyCount "88"]
[EventDate "2012.05.13"]
[SourceDate "2016.11.15"]

1. d4 Nf6 2. Nf3 e6 3. g3 c5 4. Bg2 Nc6 5. O-O cxd4 6. Nxd4 Bc5 7. c3 O-O 8. e4
Qb6 9. Nxc6 bxc6 10. b4 Be7 11. Be3 Qc7 12. Nd2 Ba6 13. Re1 d5 14. e5 Qxe5 15.
Rc1 Qc7 16. Nb3 Bb5 17. Nc5 a5 18. a4 Bc4 19. Bf4 Qc8 20. Qd4 Bxc5 21. Qxc5 Nd7
22. Qe3 c5 23. Bd6 Re8 24. bxc5 Qc6 25. Ra1 Rec8 26. Bh3 Nxc5 27. Bxc5 Qxc5 28.
Qg5 Bd3 29. Rac1 Qa3 30. Qd2 Bg6 31. Qd4 Rc4 32. Qb6 Qxa4 33. Bf1 Qc6 34. Qe3
Re4 35. Qd2 Rxe1 36. Qxe1 h6 37. c4 a4 38. cxd5 Qxd5 39. Bg2 Qd8 40. Bxa8 Qxa8
41. Qc3 Kh7 42. Ra1 Bf5 43. Qc4 Bh3 44. Qd3+ Bf5 1/2-1/2

[Event "19eme open Louviers"]
[Site "?"]
[Date "2016.11.12"]
[Round "4"]
[White "Dunand, Damien"]
[Black "Cassiau, Kevin"]
[Result "0-1"]
[WhiteElo "1683"]
[BlackElo "1543"]
[PlyCount "86"]
[EventDate "2012.05.13"]
[SourceDate "2016.11.15"]

1. c4 c5 2. g3 g6 3. Bg2 Bg7 4. e3 Nf6 5. Ne2 Nc6 6. Nbc3 O-O 7. O-O d6 8. d4
Qc7 9. dxc5 dxc5 10. Nd5 Qe5 11. Nec3 e6 12. Nxf6+ Bxf6 13. f4 Qc7 14. Nb5 Qb8
15. Qd6 Rd8 16. Qxb8 Rxb8 17. Bxc6 bxc6 18. Nc3 Ba6 19. Ne4 Bxb2 20. Bxb2 Rxb2
21. Nxc5 Rdd2 22. Rfd1 Rg2+ 23. Kf1 Bxc4+ 24. Nd3 Rgd2 25. Rxd2 Rxd2 26. Ke1
Rxd3 27. Ke2 Ra3+ 28. Kf3 Rxa2 29. Rxa2 Bxa2 30. Ke4 a5 31. Kd4 a4 32. Kc3 c5
33. Kb2 Bb3 34. e4 f5 35. e5 c4 36. h3 h5 37. h4 Kf7 38. Kb1 c3 39. Kc1 a3 40.
Kb1 a2+ 41. Ka1 c2 42. Kb2 c1=Q+ 43. Kxc1 a1=Q+ 0-1

[Event "19eme open Louviers"]
[Site "?"]
[Date "2016.11.12"]
[Round "4"]
[White "Maraine, Louis Ermiyas"]
[Black "Rascle, Adeline"]
[Result "0-1"]
[WhiteElo "1179"]
[BlackElo "1564"]
[PlyCount "90"]
[EventDate "2012.05.13"]
[SourceDate "2016.11.15"]

1. e4 d5 2. exd5 Qxd5 3. Nc3 Qa5 4. d4 c6 5. Nf3 Bf5 6. Bc4 e6 7. Bd2 Qc7 8.
Qe2 Nf6 9. O-O-O Nbd7 10. Kb1 Bd6 11. Rhe1 h6 12. h3 O-O-O 13. g4 Bh7 14. Ne5
Bxe5 15. dxe5 Nd5 16. Nxd5 exd5 17. Bd3 Bxd3 18. Qxd3 Rhe8 19. Bf4 Nc5 20. Qe3
Ne6 21. Bg3 Qb6 22. Qxb6 axb6 23. f4 b5 24. f5 Ng5 25. h4 Ne4 26. Bf4 Nf2 27.
Rd2 Nxg4 28. Rg2 h5 29. e6 fxe6 30. fxe6 d4 31. Be5 Rxe6 32. Ree2 Rxe5 33. Rxe5
Nxe5 34. Rxg7 Nf3 35. Rh7 Rd5 36. a3 Nxh4 37. Kc1 Nf3 38. Rf7 Ng5 39. Rf8+ Kc7
40. Rh8 Ne4 41. Re8 Ng3 42. Rg8 h4 43. Rh8 Rh5 44. Re8 h3 45. Rg8 h2 0-1

[Event "19eme open Louviers"]
[Site "?"]
[Date "2016.11.12"]
[Round "4"]
[White "Lehericey, Romain"]
[Black "Roche, Jan-Francois"]
[Result "1/2-1/2"]
[WhiteElo "1112"]
[BlackElo "1513"]
[PlyCount "62"]
[EventDate "2012.05.13"]
[SourceDate "2016.11.15"]

1. e4 Nf6 2. Nc3 d5 3. e5 d4 4. exf6 dxc3 5. fxg7 cxd2+ 6. Bxd2 Bxg7 7. Nf3 Nc6
8. c3 Bd7 9. Bc4 e6 10. Bf4 Ne7 11. Ne5 Bxe5 12. Bxe5 Rg8 13. g3 Ng6 14. Qh5
Nxe5 15. Qxe5 Bc6 16. Rg1 Qe7 17. Rd1 Rd8 18. Qh5 Rxd1+ 19. Kxd1 Rg5 20. Qxh7
Qd6+ 21. Kc2 Qe5 22. Kb3 b5 23. Bd3 a5 24. f4 Qd5+ 25. c4 bxc4+ 26. Bxc4 Qf3+
27. Qd3 Qxd3+ 28. Bxd3 Rc5 29. Re1 Bd5+ 30. Ka3 Ke7 31. Re3 Bc6 1/2-1/2

[Event "19eme open Louviers"]
[Site "?"]
[Date "2016.11.12"]
[Round "4"]
[White "Grenet, Dominique"]
[Black "Mignot, Philippe"]
[Result "1-0"]
[WhiteElo "1403"]
[BlackElo "1340"]
[PlyCount "121"]
[EventDate "2012.05.13"]
[SourceDate "2016.11.15"]

1. e4 c5 2. Nf3 d6 3. c3 a6 4. Bc4 e6 5. O-O Nf6 6. d3 b5 7. Bb3 Nc6 8. Bg5 Be7
9. Bf4 Bb7 10. Re1 Na5 11. Bc2 e5 12. Be3 Ng4 13. h3 Nxe3 14. Rxe3 Bc8 15. Nh2
f5 16. exf5 Bxf5 17. Rf3 O-O 18. b4 Nb7 19. Bb3+ Kh8 20. Bd5 Rb8 21. Nd2 a5 22.
Ne4 axb4 23. c4 bxc4 24. dxc4 Na5 25. Ng3 Bg6 26. Be4 Bxe4 27. Nxe4 Nxc4 28.
Rg3 d5 29. Nd2 Bh4 30. Rf3 e4 31. Rxf8+ Qxf8 32. f3 e3 33. Nxc4 dxc4 34. Qc2
Bf2+ 35. Kf1 Qf6 36. Rd1 Rd8 37. Ng4 Rxd1+ 38. Qxd1 Qd4 39. Nxf2 exf2 40. Qe2
Qd3 41. Kxf2 Qxe2+ 42. Kxe2 c3 43. Kd3 Kg8 44. g4 Kf7 45. f4 Kf6 46. h4 h6 47.
a4 bxa3 48. Kxc3 g6 49. Kb3 a2 50. Kxa2 Ke6 51. Kb3 Kd5 52. h5 Ke6 53. hxg6 Kf6
54. Kc4 Kxg6 55. Kxc5 h5 56. gxh5+ Kxh5 57. Kd5 Kg6 58. Ke6 Kg7 59. f5 Kf8 60.
Kf6 Kg8 61. Ke7 1-0

[Event "19eme open Louviers"]
[Site "?"]
[Date "2016.11.12"]
[Round "4"]
[White "Coquelin, Jonathan"]
[Black "Bat, Anu"]
[Result "1-0"]
[WhiteElo "1399"]
[BlackElo "1062"]
[PlyCount "95"]
[EventDate "2012.05.13"]
[SourceDate "2016.11.15"]

1. d4 d5 2. c4 e6 3. Nc3 Nf6 4. Bg5 Bb4 5. Qc2 Nc6 6. Nf3 O-O 7. e3 h6 8. Bh4
Be7 9. Be2 Nb4 10. Qb1 dxc4 11. Bxc4 Ne4 12. Bxe7 Nxc3 13. Bxd8 Nxb1 14. Be7
Nc2+ 15. Kd1 Nxa1 16. Bxf8 Kxf8 17. Kc1 b5 18. Bd3 g5 19. Kxb1 g4 20. Ne5 f6
21. Nxg4 h5 22. Nxf6 Kf7 23. Nxh5 Ke7 24. Rc1 Kd7 25. Bxb5+ Kd6 26. e4 e5 27.
Rc6+ Ke7 28. d5 Rb8 29. Rxc7+ Kd8 30. Rc5 a6 31. Ba4 Rb4 32. Kxa1 Rxa4 33. f3
Rd4 34. Kb1 a5 35. Kc2 Ba6 36. Rxa5 Bd3+ 37. Kc3 Bf1 38. f4 Rd3+ 39. Kc2 exf4
40. Nxf4 Re3 41. Ne6+ Kd7 42. g3 Bd3+ 43. Kd2 Rf3 44. Nc5+ Kd6 45. Nxd3 Rf6 46.
Ra6+ Ke7 47. Rxf6 Kxf6 48. a4 1-0

[Event "19eme open Louviers"]
[Site "?"]
[Date "2016.11.12"]
[Round "4"]
[White "Ponty, Matteo"]
[Black "Soenen, Baptiste"]
[Result "1-0"]
[WhiteElo "1065"]
[BlackElo "1399"]
[PlyCount "81"]
[EventDate "2012.05.13"]
[SourceDate "2016.11.15"]

1. e4 e5 2. Nf3 Nc6 3. Nc3 Nf6 4. Bc4 Ng4 5. d4 exd4 6. Nxd4 d6 7. Nf3 d5 8.
exd5 Bc5 9. Ne4 Qe7 10. Qe2 Bxf2+ 11. Nxf2 Qxe2+ 12. Bxe2 O-O 13. Nxg4 Re8 14.
dxc6 bxc6 15. Nd4 Bxg4 16. Bf4 Rad8 17. Nxc6 Bd7 18. Nxd8 Rxd8 19. O-O-O h6 20.
Bxc7 Re8 21. Rhe1 Bc6 22. b3 Bxg2 23. Rd2 Re7 24. Bd6 Re8 25. Red1 g5 26. Bc5
Bh3 27. Rd8 Rxd8 28. Rxd8+ Kh7 29. Bd3+ Kg7 30. Bd4+ f6 31. Rd7+ Bxd7 32. Bxa7
f5 33. Kd2 h5 34. Ke3 f4+ 35. Ke4 g4 36. Kxf4 h4 37. b4 g3 38. hxg3 h3 39. Bg1
Ba4 40. b5 Bxb5 41. Bxb5 1-0

[Event "19eme open de Louviers"]
[Site "?"]
[Date "2016.11.12"]
[Round "4"]
[White "Blondel, Jean-Michel"]
[Black "Gitton, Maxence"]
[Result "1-0"]
[WhiteElo "1396"]
[BlackElo "1009"]
[PlyCount "25"]
[EventDate "2012.05.13"]
[SourceDate "2016.11.15"]

1. e4 e5 2. Nf3 Nc6 3. Bc4 g6 4. d4 exd4 5. Nxd4 Nxd4 6. Qxd4 Nf6 7. Bg5 Bg7 8.
e5 Qe7 9. O-O Qd8 10. exf6 Bf8 11. Re1+ Be7 12. fxe7 Qxe7 13. Qxh8# 1-0

[Event "19eme open de Louviers"]
[Site "?"]
[Date "2016.11.12"]
[Round "4"]
[White "Marie, Isabelle"]
[Black "Troppee, Kevin"]
[Result "0-1"]
[WhiteElo "1047"]
[BlackElo "1379"]
[PlyCount "88"]
[EventDate "2012.05.13"]
[SourceDate "2016.11.15"]

1. e4 e5 2. Nf3 d6 3. Nc3 c6 4. d4 Bg4 5. Be2 Bxf3 6. Bxf3 Nd7 7. O-O Ngf6 8.
d5 Qc7 9. Re1 Be7 10. Be3 O-O 11. g4 h6 12. Qd2 Nh7 13. Ne2 Bg5 14. Bxg5 Nxg5
15. Bg2 Nf6 16. h4 Ngxe4 17. Bxe4 Nxe4 18. Qe3 cxd5 19. f3 Nc5 20. Qf2 f5 21.
gxf5 Rxf5 22. Ng3 Rf7 23. Kg2 Raf8 24. Re3 e4 25. Rf1 Rxf3 26. Rxf3 Rxf3 27.
Qe2 Rxf1 28. Nxf1 Qf7 29. b3 Qf3+ 30. Qxf3 exf3+ 31. Kxf3 Kf7 32. Ng3 g6 33.
Ke3 Ne4 34. Nxe4 dxe4 35. Kxe4 Ke6 36. c4 g5 37. hxg5 hxg5 38. Kf3 Kf5 39. Kg3
g4 40. a4 b6 41. b4 a6 42. a5 bxa5 43. b5 axb5 44. cxb5 Ke6 0-1

[Event "19eme open de Louviers"]
[Site "?"]
[Date "2016.11.12"]
[Round "4"]
[White "Lazes, Herve"]
[Black "Bailly, Yannick"]
[Result "1/2-1/2"]
[WhiteElo "1247"]
[BlackElo "1418"]
[PlyCount "167"]
[EventDate "2012.05.13"]
[SourceDate "2016.11.15"]

1. d4 Nf6 2. Nf3 d5 3. Bf4 e6 4. e3 c5 5. c3 a6 6. Bd3 Nc6 7. Nbd2 b5 8. O-O c4
9. Bc2 Bd6 10. Bxd6 Qxd6 11. b3 Ng4 12. bxc4 bxc4 13. e4 Nh6 14. e5 Qa3 15. Ba4
Bd7 16. Qc2 O-O 17. Nb1 Qe7 18. Bxc6 Bxc6 19. Nbd2 Rab8 20. Rab1 Qa3 21. Ng5 g6
22. Rxb8 Rxb8 23. Rb1 Rb5 24. Rxb5 Bxb5 25. Nb1 Qe7 26. Qd2 Nf5 27. Qf4 h6 28.
Nf3 Qb7 29. g4 g5 30. Qc1 Ng7 31. h4 gxh4 32. Qxh6 Be8 33. Qc1 Qe7 34. Qg5 Qxg5
35. Nxg5 Ba4 36. Kg2 Bc2 37. Nd2 Ne8 38. Kh3 Kg7 39. Kxh4 Kg6 40. Nh3 Ng7 41.
Nf4+ Kh6 42. Nh3 Kh7 43. Ng5+ Kg6 44. f4 f6 45. exf6 Kxf6 46. Ndf3 Bb1 47. a3
Bd3 48. Ne5 Ke7 49. Nc6+ Kf6 50. Ne5 Ke7 51. Ngf7 Bc2 52. Ng5 Kf6 53. Nd7+ Ke7
54. Ne5 Kf6 55. Ngf3 Bb1 56. Nd2 Bc2 57. Nf1 a5 58. Ng3 a4 59. g5+ Ke7 60. Nh5
Nf5+ 61. Kh3 Bd1 62. Ng3 Ng7 63. Nc6+ Kf7 64. Kh4 Kg6 65. Nd8 Bc2 66. Nf1 Kf5
67. Kg3 Nh5+ 68. Kf3 Be4+ 69. Ke3 Nxf4 70. Ng3+ Kxg5 71. Nxe4+ dxe4 72. Kxe4
Kg4 73. Ke5 Ne2 74. Nxe6 Nxc3 75. Nc5 Kf3 76. Kd6 Ke3 77. Ke5 Kd2 78. d5 Nxd5
79. Kxd5 c3 80. Ne4+ Kd3 81. Nxc3 Kxc3 82. Kc5 Kb3 83. Kd4 Kxa3 84. Kc3 {
Derniers coups mal notés...} 1/2-1/2

[Event "19eme open de Louviers"]
[Site "?"]
[Date "2016.11.12"]
[Round "4"]
[White "Voegele, Francois-Marie"]
[Black "Quevauvilliers, Philippe"]
[Result "0-1"]
[WhiteElo "1130"]
[BlackElo "1401"]
[PlyCount "51"]
[EventDate "2012.05.13"]
[SourceDate "2016.11.15"]

1. f4 Nf6 2. e3 d5 3. Nf3 h6 4. Be2 Bf5 5. d3 e6 6. O-O Bc5 7. d4 Bb6 8. Nc3
O-O 9. Bd2 c5 10. dxc5 Bxc5 11. Na4 Bb6 12. Nxb6 Qxb6 13. b3 Nc6 14. c4 Rad8
15. Qc1 d4 16. c5 Qc7 17. exd4 Be4 18. a3 Bxf3 19. Rxf3 Nxd4 20. Qd1 Nxf3+ 21.
Bxf3 Qxc5+ 22. Kh1 Rd7 23. h3 Rfd8 24. Ra2 Qf2 25. Be2 Ne4 26. Rc2 0-1

[Event "19eme open de Louviers"]
[Site "?"]
[Date "2016.11.12"]
[Round "5"]
[White "Andrieu, Philippe"]
[Black "Joslin, Jerome"]
[Result "0-1"]
[WhiteElo "1859"]
[BlackElo "2100"]
[PlyCount "68"]
[EventDate "2012.05.13"]
[SourceDate "2016.11.16"]

1. c4 e5 2. Nc3 Nf6 3. g3 d5 4. cxd5 Nxd5 5. Bg2 Be6 6. d3 Nc6 7. Nf3 f6 8. O-O
Qd7 9. Bd2 O-O-O 10. Rc1 g5 11. Qa4 Nb6 12. Qc2 h5 13. Ne4 Qe7 14. Be3 Nb4 15.
Qd1 N4d5 16. Bd2 h4 17. Nexg5 hxg3 18. fxg3 Bg4 19. a3 Bh6 20. Ne4 Ne3 21. Qe1
Nxf1 22. Bxh6 Rxh6 23. Qxf1 f5 24. Nc5 Nd5 25. Qd1 e4 26. dxe4 Nc3 27. Qe1
Qxc5+ 28. Kf1 Bxf3 29. Bxf3 fxe4 30. Bg4+ Kb8 31. Rxc3 Rf6+ 32. Kg2 Qb6 33. b4
Rdf8 34. e3 Rf2+ 0-1

[Event "19eme open de Louviers"]
[Site "?"]
[Date "2016.11.12"]
[Round "5"]
[White "Abdat, Rachid"]
[Black "Garcia, Adrien"]
[Result "1/2-1/2"]
[WhiteElo "182"]
[BlackElo "1976"]
[PlyCount "55"]
[EventDate "2012.05.13"]
[SourceDate "2016.11.16"]

1. d4 Nf6 2. Bf4 e6 3. e3 Be7 4. Bd3 d5 5. Nd2 b6 6. Qe2 Nbd7 7. h3 Bb7 8. Ngf3
c5 9. c3 Ne4 10. Ba6 Bxa6 11. Qxa6 Nxd2 12. Nxd2 Qc8 13. Qe2 O-O 14. O-O f5 15.
f3 Qc6 16. a4 c4 17. e4 Rae8 18. e5 a6 19. Rfc1 b5 20. axb5 axb5 21. b3 Ra8 22.
Qd1 Nb6 23. Rxa8 Rxa8 24. Ra1 Rxa1 25. Qxa1 Qa8 26. Qxa8+ Nxa8 27. b4 Kf7 28.
Nb1 1/2-1/2

[Event "19eme open de Louviers"]
[Site "?"]
[Date "2016.11.12"]
[Round "5"]
[White "Bailly, Thierry"]
[Black "Steffenello, Leonard"]
[Result "*"]
[WhiteElo "1658"]
[BlackElo "2152"]
[PlyCount "57"]
[EventDate "2012.05.13"]
[SourceDate "2016.11.16"]

1. d4 Nf6 2. c4 d5 3. cxd5 Nxd5 4. e4 Nf6 5. Nc3 e6 6. Nf3 Nc6 7. Bb5 Bd7 8.
O-O Be7 9. Qe2 O-O 10. Bg5 a6 11. Bd3 h6 12. Bd2 Nb4 13. Bb1 c5 14. a3 cxd4 15.
Nxd4 Nc6 16. Nf3 e5 17. Nd5 Be6 18. Nxe7+ Qxe7 19. Bc3 Bg4 20. Qe3 Nh5 21. Ba2
Nf4 22. Bd5 Bxf3 23. Qxf3 Rfd8 24. Rfd1 Rd6 25. Bxc6 Rxc6 26. Bd2 Rf6 27. Bxf4
Rxf4 28. Qe3 Rf6 29. Rd2 *